00635nam a2200205Ia 4500001000900000003000500009005001700014008004100031010001100072040000900083082001400092100003000106245009900136260003000235300001000265500001600275650004300291650004800334650004700382dia_1808CHAP20251021154426.0220117s1976 xx 000 0 und d a172346 cCHAP a631.44 C3 aCuanalo de la Cerda, H.E. aLevantamiento de Suelos de la Cuenca de Chalco, H.E. Cuanalo de la Cerda y C.A. Ortiz Solorio. aChapingo, Mex. C.P.c1976 a71 p. aDonación. aSuelosx análisisx México (edo).  aSuelosx clasificaciónx méxico (edo).  aSuelosx reconocimientox Méxicox (edo)